Introduction to Environmental Economics / (Record no. 326)

000 -LEADER
fixed length control field 00609nam a2200193Ia 4500
008 - FIXED-LENGTH DATA ELEMENTS--GENERAL INFORMATION
fixed length control field 190805s9999||||xx |||||||||||||| ||und||
020 ## - INTERNATIONAL STANDARD BOOK NUMBER
International Standard Book Number 9780199568734
Terms of availability £ 46.99
082 04 - DEWEY DECIMAL CLASSIFICATION NUMBER
Classification number 333.7
Item number H1947
100 1# - MAIN ENTRY--PERSONAL NAME
Personal name Hanley, Nick.
245 10 - TITLE STATEMENT
Title Introduction to Environmental Economics /
250 ## - EDITION STATEMENT
Edition statement 2nd ed.
260 ## - PUBLICATION, DISTRIBUTION, ETC. (IMPRINT)
Place of publication, distribution, etc Oxford (UK) :
Name of publisher, distributor, etc Oxford University Press,
Date of publication, distribution, etc 2013
300 ## - PHYSICAL DESCRIPTION
Extent xvi, 300 p.
Other physical details : ill.
Dimensions ; 24.5 cm.
650 #0 - SUBJECT ADDED ENTRY--TOPICAL TERM
Topical term or geographic name as entry element Environmental economics
Form subdivision Textbooks
700 1# - ADDED ENTRY--PERSONAL NAME
Personal name Shogren, Jason F.
700 1# - ADDED ENTRY--PERSONAL NAME
Personal name White, Ben
852 ## - LOCATION/CALL NUMBER
Location
942 ## - ADDED ENTRY ELEMENTS (KOHA)
Item type Books
Holdings
Withdrawn status Lost status Damaged status Not for loan Collection code Permanent location Current location Shelving location Date acquired Source of acquisition Cost, normal purchase price Full call number Barcode Date last seen Koha item type Public note Total Checkouts Date last borrowed
        Management Studies IMU Kochi Library IMU Kochi Library Reference 2018-01-09 Educational Supplies 4035.97 333.7 H1947 BK005005 2019-08-05 Books Shelf-20, Row-1    
        Management Studies IMU Kochi Library IMU Kochi Library Reference 2018-01-09 Educational Supplies 4035.97 333.7 H1947 BK005006 2019-08-05 Books Shelf-20, Row-1    
        Management Studies IMU Kochi Library IMU Kochi Library Reference 2018-01-09 Educational Supplies 4035.97 333.7 H1947 BK005007 2019-08-05 Books Shelf-20, Row-1    
        Management Studies IMU Kochi Library IMU Kochi Library Reference 2018-01-09 Educational Supplies 4035.97 333.7 H1947 BK005008 2019-08-05 Books Shelf-20, Row-1    
        Management Studies IMU Kochi Library IMU Kochi Library Reference 2018-01-09 Educational Supplies 4035.97 333.7 H1947 BK005004 2024-09-23 Books Shelf-20, Row-1 1 2024-09-23


Copyright © All Rights Reserved by Indian Maritime University, Kochi Campus.
For any Suggestions/Query Contact to library or Email: library.kochi@imu.ac.in Ph:(0484)-2989402
(Web OPAC Designed by Rudra Ranjan. Maintained by IMU Kochi Library)

Powered by Koha